| 000 | 00651nam a22002057a 4500 | ||
|---|---|---|---|
| 999 |
_c5766 _d5766 |
||
| 008 | 150916b xxu||||| |||| 00| 0 eng d | ||
| 020 | _a0805355898 | ||
| 050 | _aRG 951 .L33 1994 | ||
| 100 | _aLadewig Patricia wieland | ||
| 245 |
_aEnssentials of Maternal : _bNewborn Nursing/ _c Patricia wieland Ladewig. |
||
| 260 |
_aNew York _bAddison Wesley _c1994 |
||
| 300 |
_axvi, 909 p. : _bill.[some col]; _c29cm |
||
| 650 | _aMaternity Nursing | ||
| 650 | _aNeonatology | ||
| 650 | _bPediatric Nursing | ||
| 700 | _aLondon Marcia L. | ||
| 700 | _aOlds Sally B. | ||
| 760 | _b3rd ed | ||
| 942 |
_2lcc _cBOOKS _hRG 951 .L33 1994 |
||